Pratica di Tiro alle Forme del Paese - Statistics

Statistiche generali
  • Questo quiz è stato fatto 5.435 volte
  • Il punteggio medio è 92 su 300
Risposte nella Mappa
Le risposte nella mappa del quiz sottostante sono codificate secondo una scala di colori dal rosso al verde in base alla % di persone che hanno risposto correttamente.
 
Statistiche sulle risposte
Paese % Corretto
Stati Uniti
99%
Australia
97%
Francia
95%
Cina
85%
Svezia
80%
Thailandia
71%
Algeria
69%
Perù
61%
Romania
46%
Siria
42%
Nicaragua
29%
Slovacchia
24%
Guyana
22%
Costa Rica
20%
Zimbabwe
19%
Georgia
17%
Tagikistan
15%
San Marino
14%
Isole Salomone
9%
Swaziland
7%
Nessun quiz corrispondente trovato
Distribuzione punteggi
Percentuale di utenti per punteggio
Percentile per numero di risposta
I tuoi punteggi nel tempo
Non hai fatto questo quiz